[Event "Boskovic Memorial"]
[Site "Belgrade"]
[Date "2000.10.07"]
[Round "4"]
[White "Georgiev, Kiril"]
[Black "Ilincic, Zlatko"]
[Result "1-0"]
[WhiteElo "2661"]
[BlackElo "2563"]
[Annotator "Stohl,I"]
[PlyCount "127"]
[EventDate "2000.10.03"]
[EventType "tourn"]
[EventRounds "9"]
[EventCountry "YUG"]
[EventCategory "14"]
[SourceTitle "CBM 080"]
[Source "ChessBase"]
[SourceDate "2001.01.25"]
[SourceVersion "1"]
[SourceVersionDate "2001.01.25"]
[SourceQuality "1"]

1. d4 Nf6 2. c4 g6 3. Nf3 Bg7 4. g3 O-O 5. Bg2 d6 6. O-O Nbd7 7. Nc3 e5 8. h3
Re8 9. e4 exd4 10. Nxd4 Nc5 11. Re1 a5 (11... Bd7 {or}) (11... c6 {are more
accurate, as after the following move it will be difficult for Black to get
rid of the nagging N.}) 12. Ndb5 $5 $14 {More energetic than the other moves as
} (12. b3) (12. Rb1) (12. Qc2) 12... Bd7 (12... Be6 $6 13. e5 $1 dxe5 14. Qxd8
Rexd8 15. Nxc7 Rac8 16. Nxe6 fxe6 (16... Nxe6 $142 17. b3 $16) 17. b3 e4 18.
Rb1 Rd3 19. Nb5 Nfd7 20. Bf4 g5 21. Bxg5 Ne5 22. Be3 Nf3+ 23. Bxf3 exf3 24.
Rbd1 Rxd1 25. Rxd1 $18 {Georgiev,Kir-Ivanov,J/BUL-chT Bankia/1991/}) (12...
Nfd7 13. Be3 Ne5 14. b3 $5 (14. Bf1 a4 15. Rc1 Be6 16. b3 axb3 17. axb3 Bd7 (
17... Qc8 18. Nd5 Nxb3 19. Nbxc7 Nxc1 20. Nxe8 Bxd5 21. Nxd6 Qd7 22. cxd5 Nb3
23. Kg2 Ra1 24. Qxa1 Nxa1 25. Rxa1 h5 26. Ra8+ Kh7 27. Ne8 $16 {Khasin,
A-Zaitsev,V/RUS-chT Smolensk/2000/}) 18. b4 Na6 19. f4 Nc6 20. c5 dxc5 21. bxc5
Qc8 22. g4 h5 23. gxh5 Bxh3 24. f5 Bxf1 25. Rxf1 gxf5 26. h6 $13 {Filippov,
V-Klimov,S/St Petersburg/2000/}) (14. Bxc5 dxc5 15. Qxd8 Rxd8 16. Nxc7 Rb8 17.
Red1 Be6 (17... Bd7 18. Rac1 Nxc4 19. b3 Ne5 20. N3d5 b6 21. f4 Nc6 22. e5 Nd4
23. Kf2 Kf8 24. Nc3 f6 25. exf6 Bxf6 26. Na6 Rbc8 27. Bb7 $16 {Konopka,M-Lymar,
I/Ceske Budejovice op/1998/}) 18. Nxe6 fxe6 19. f4 Nxc4 20. e5 g5 (20... b6 21.
b3 Ne3 22. Rxd8+ Rxd8 23. Ne4 Bf8 24. Rc1 Rd4 25. Bf3 a4 26. Kf2 Nf5 27. g4 Nh4
28. Rc4 Rd3 29. Nf6+ Kf7 30. Be4 Rxh3 31. Rxa4 $18 {Dokhoian,Y-Petrushin,A/
Aktjubinsk/1985/}) 21. Ne4 gxf4 22. gxf4 b6 23. b3 Ne3 24. Rxd8+ Rxd8 25. Ng5
Re8 26. Be4 (26. Bc6 $1 $14) 26... h6 27. Nf3 Rd8 28. Re1 Rd1 29. Rxd1 Nxd1 30.
a4 c4 31. bxc4 Nc3 32. Bc2 Ne2+ 33. Kf2 Nxf4 $11 {Shchekachev,A-Petrushin,A/St
Petersburg/1993/}) 14... Ned3 (14... a4 15. Bxc5 dxc5 16. Qxd8 Rxd8 17. Nxc7
$16) 15. Re2 c6 16. Nd4 Nb4 17. a3 Nba6 18. Rb1 Ne6 19. Nxe6 Bxe6 20. Bd4 Nc5
21. Bxg7 Kxg7 22. Qd4+ f6 23. Rd2 Re7 24. b4 axb4 25. axb4 Na4 26. Nxa4 Rxa4
27. c5 d5 28. Qc3 $16 {Gaprindashvili,N-Kovalevskaya,E/Tallinn rpd/1999/}) (
12... a4 $5 13. Rb1 (13. Bg5 $5 h6 14. Bxf6 Bxf6 15. Nd5 Ne6 16. Nxf6+ Qxf6 17.
Qd2 $14) 13... Be6 14. b4 (14. e5 $142 $14) 14... axb3 15. axb3 Nfd7 16. Be3 c6
17. Nd4 Ne5 18. Re2 Ra3 19. Nxe6 Nxe6 20. Na4 Qa5 21. Rc2 b5 22. cxb5 Qxb5 23.
Rcc1 Rb8 24. Qxd6 $13 {1/2,Pigusov,E-Nevostrujev,V/RUS-chT/Smolensk 2000/}) 13.
Bf4 (13. e5 $6 dxe5 14. Be3 Bxb5 15. Qxd8 Raxd8 16. Nxb5 Nd3 17. Nxc7 Nxe1 18.
Nxe8 Nc2 19. Nxf6+ Bxf6 20. Rb1 Nxe3 $11 {Hernandez,R-Moehring,G/Kecskement/
1975/}) 13... Bxb5 $6 {This exchange leads to a passive position.} (13... Qc8
14. Nxc7 (14. Kh2 $142 $14) (14. g4 $5 {()}) 14... Qxc7 15. Bxd6 Qc8 16. e5 Nh5
17. Nd5 Ne6 18. Nb6 Qd8 19. Nxa8 Qxa8 20. Qd2 Bc6 21. Bd5 Bf8 22. Rad1 Nhg7 $13
{Payen,A-Seeman,T/Helsinki/2000/}) (13... h6 $142 14. Qc2 Ne6 15. Be3 Ng5 16.
g4 (16. Kh2 {/\} Bc6 17. f3 $14) 16... Bc6 17. f3 Nd7 18. f4 Ne6 19. Rad1 g5 $5
20. f5 Nf4 21. Bf1 $13 {Kharitonov,A-Klimov,S/St Petersburg/1998/}) 14. cxb5
Nfd7 (14... Re6 15. h4 h6 16. Qd2 Kh7 17. Rad1 Qe8 18. Qc2 Re7 19. b6 $16 {
Cuevas Rodriguez,M-Jiretorn,E/Athens rpd/1997/}) 15. Qc2 (15. Be3 Nb6 16. Bd4
Bxd4 17. Qxd4 Qg5 18. Rad1 Re7 19. Kh2 Qe5 20. Qe3 Nca4 21. f4 Qc5 22. Nxa4
Nxa4 23. Qxc5 dxc5 (23... Nxc5 24. b6 $36) 24. Rd2 Rae8 25. Rc1 $18 {Fridman,
D-Finkel,A/WChU18 Bratislava/1993/}) 15... Ne6 (15... Nb6 16. Rad1 Qf6 17. Be3
a4 18. Bxc5 (18. Bd4 Qe7 19. Bxg7 Kxg7 20. a3 {is similar to the game.}) 18...
dxc5 19. f4 Rad8 20. e5 Qe6 21. Nxa4 $16 {Hernandez,R-Vogt,L/Leipzig/1975/})
16. Be3 Bd4 17. Rad1 {Black's control of d4 is only temporary.} Bxe3 18. Rxe3
Nec5 19. a3 a4 $6 {[%csl Ra4] Black doesn't wnat to allow the space-gaining b4,
but on a4 the P wil be weak.} (19... Nb6 20. f4 Qe7 21. e5 $14) 20. Rd4 Qf6 21.
Rb4 Nb6 22. Qd1 $16 {[%mdl 32] Now 2 of Black's pieces must guard the ><a4 and
he has no active play on the other flank. White proceeds to gradually improve
his pieces and prepare a [+] break with f4 and e5, undemining the seemingly
impregnable position of the Nc5. He slowly, but surely implements his
strategic plan.} Rad8 23. Re2 Rd7 24. Kh2 Rde7 25. Rd2 Re6 (25... Nb3 26. Re2
Nc5 27. f4 {[%cal Ye2d2,Yd1g1,Yg1f2] /\Rd2,Qg1-f2 can eventually lead to a
similar position}) 26. h4 h5 27. f4 Qg7 28. Rf2 (28. Qg1 $5 $16) 28... R6e7 29.
Rd2 Qh6 30. Qc2 Qg7 31. Rd1 Kh8 32. Qf2 Ncd7 $6 (32... f6 $142 33. Bf3 $16 {
with ideas as f5 or Rbd4,Rg1 and g4 is unpleasant, but was more resilient.
After the N leaves c5 Black's << will be defenceless.}) 33. Bf3 Kh7 34. Rd2 Qf6
(34... Nf6 35. Rdd4 {[%cal Rc3a4] /\Na4+/-}) 35. e5 $1 {[%cal Gf3b7,Gb4h4]
White finally gets in the long planned break and activates all his pieces (Bf3,
Rb4).} ({It's even more efective than} 35. Nxa4 Nxa4 36. Rxa4 {/\} Nc5 37. e5
$16) 35... dxe5 36. Bxb7 {[%csl Ra4,Rc7] ק} exf4 37. Rxf4 Qg7 38. Bc6 f5 39.
Nxa4 Nxa4 40. Rxa4 Rf8 41. Bxd7 $5 {Although the Bc6 is very strong,
simplification prevents any possible <=>} (41. Rad4 Nf6 $14 {<=>}) 41... Rxd7
42. Rxd7 Qxd7 43. Ra7 {[%cal Rb5b6] /\b6} Qxb5 $8 44. Rxc7+ Kg8 45. b4 {
[%cal Rf2a2] /\Qa2+-} Qe5 46. Qc2 Rd8 47. Kh3 Qe6 48. Qc6 $1 $18 {_|_ Forcing
off the Q decides.} Qxc6 49. Rxc6 Rd3 (49... Kf7 $142) 50. a4 (50. Rxg6+ Kf7
51. Rg5 $18) 50... Kf7 51. b5 Ra3 {Black must try to stop the <<o^ at least
for a while.} (51... f4 52. a5 Rxg3+ 53. Kh2 $18) 52. Rc4 Rb3 53. Kg2 Ke7 54.
Rc6 Rb4 55. Ra6 (55. Rxg6 Rxa4 56. Rg5 $18) 55... Rg4 (55... Kd7 56. Kf3 Rb3+
57. Kf4 Rb4+ 58. Ke5 Rg4 59. a5 Rxg3 60. Ra7+ Kc8 61. b6 $18) 56. Kf3 g5 57.
hxg5 Rxg5 58. Rh6 Kd7 59. Rh7+ Kc8 60. b6 Rg4 61. Rxh5 Rxa4 62. Rxf5 Rb4 63.
Rf8+ Kd7 (63... Kb7 64. Rf6 $18 (64. g4 Rxb6 65. g5 $18)) 64. b7 $1 (64. b7
Rxb7 65. Rf7+ $18) 1-0

[Event "EU-ch 2nd"]
[Site "Ohrid"]
[Date "2001.06.03"]
[Round "3"]
[White "Nikolic, Predrag"]
[Black "Nataf, Igor Alexandre"]
[Result "1/2-1/2"]
[WhiteElo "2652"]
[BlackElo "2552"]
[Annotator "Stohl,I"]
[PlyCount "79"]
[EventDate "2001.06.01"]
[EventType "swiss"]
[EventRounds "13"]
[EventCountry "YUG"]
[SourceTitle "CBM 084"]
[Source "ChessBase"]
[SourceDate "2001.09.13"]
[SourceVersion "1"]
[SourceVersionDate "2001.09.13"]
[SourceQuality "1"]

1. d4 Nf6 2. Nf3 g6 3. c4 Bg7 4. g3 O-O 5. Bg2 d6 6. O-O Nbd7 7. Nc3 e5 8. e4
exd4 9. Nxd4 Re8 10. h3 a6 11. Rb1 Rb8 12. Re1 Ne5 13. b3 c5 14. Nc2 Be6 $5 {
This move order limits White's options.} ({The original idea} 14... b5 $6 {
fails to} 15. f4 Ned7 16. Qxd6 $1 Nh5 (16... b4 $2 17. Na4 Nh5 18. g4 Bf8 19.
Qd3 Ng7 20. Be3 Qc7 21. Rbd1 Ne6 22. Qd2 h6 23. f5 Ng5 24. h4 $18 {Hjartarson,
J-Hillarp Persson,T/Reykjavik VISA/1997/}) (16... bxc4 17. e5 cxb3 18. Rxb3
Rxb3 19. axb3 Re6 20. Qd3 Ne8 21. Ne3 Rb6 22. Ne4 Rb8 23. Nc4 $16 {
Kacheishvili,G-Berlinsky,V/Istanbul olm/2000/}) 17. Re3 bxc4 18. e5 $1 $36) (
14... Nc6 15. f4 $5 (15. a4 Be6 {-14...Be6!?}) 15... Nd4 $6 (15... Be6 $142) (
15... Nh5 16. Qd3 $14) 16. Be3 $36 Qa5 $2 17. b4 $1 cxb4 18. Nxb4 Ne6 19. Qxd6
Bf8 20. Qb6 Qa3 21. Nbd5 Nxd5 22. Nxd5 Bg7 23. Qb3 Qxb3 24. axb3 b5 25. f5 gxf5
26. exf5 Nd8 27. Bf4 {1-0,Marin,M-Vajda,L/Bucharest/1999/}) 15. a4 ({More
ambitious, but also more committal is the abovementioned} 15. f4 Nc6 16. Qd3 (
16. Be3 $6 Qd7 $36) (16. Bb2 Nh5 17. Kh2 {/\} b5 18. cxb5 axb5 19. e5 $36)
16... b5 17. Bd2 Nd7 18. cxb5 (18. Nd5 $5) 18... Nd4 $1 19. Ne3 (19. bxa6 $2 c4
$1 20. bxc4 Nc5 $17) 19... axb5 20. Qf1 b4 21. Ne2 f5 $15 {Gavrikov,
V-Volokitin,A/Bad Wiessee/2000/}) 15... Nc6 16. Re3 (16. Bb2 $142 h5 17. Qd2 (
17. Nd5 h4 18. Nxf6+ Bxf6 19. Bxf6 Qxf6 20. Qxd6 Red8 21. Qf4 Qc3 22. Ne3 hxg3
23. Qxg3 Nd4 24. Nd5 Qxg3 25. fxg3 b5 $13 {Ulak,S-Socko,B/POL-chT Lubniewice/
1998/}) 17... Nh7 (17... Qc8 18. Nd5 $36) 18. Red1 Be5 19. f4 Bg7 20. Kh1 (20.
Kh2 $5) 20... Qa5 {Yin Hao-Ye Jiangchuan/Shanghai/2000/} 21. Ne2 $5 Qxd2 22.
Rxd2 $14) 16... h5 $146 (16... Nd4 $143 17. Rd3 Nd7 18. Nxd4 cxd4 19. Rxd4 Bxd4
20. Qxd4 Qf6 21. Qe3 Qe7 22. Bb2 f6 23. Kh2 Rbc8 24. Rd1 $44 {Stempin,
P-Semenova,I/Koszalin op-B/1998/}) 17. Rd3 Qc8 18. Qf1 (18. Kh2 h4 $5 19. gxh4
(19. g4 Ne5 20. Rxd6 Nfxg4+ 21. Kg1 Nxf2 $5 22. Kxf2 Bxh3 $40) 19... Nh5 $44) (
18. h4 $5 Ng4 19. Bb2 Qc7 20. Rxd6 $5 Nd4 21. Rxd4 cxd4 22. Nd5 $44) 18... Nb4
19. Nxb4 cxb4 20. Na2 (20. Nd5 Bxd5 (20... b5 $5) 21. exd5 Ne4 $11) 20... Bd7
$1 $132 {[%cal Rf6e4,Yb7b5][%mdl 2048] /\Ne4,b5 Black's pawns are split, but
he relies on his piece play to neutralize his weaknesses.} 21. Bb2 (21. Rd4 Qc5
22. Bb2 Bc6 $13) (21. Nxb4 Nxe4 22. Bf4 $5 g5 (22... Bf5 23. Re1 Qc5 (23... Nc5
24. Rxd6 Rxe1 25. Qxe1 Bxh3 26. Nd5 $40) (23... b5 24. cxb5 axb5 25. Rc1 $16)
24. Bxe4 Bxe4 25. Rxe4 Rxe4 26. Bxd6 $16) 23. Be3 (23. Bxd6 Nxd6 24. Rxd6 Bf8
25. Rxd7 Qxd7 26. Nd5 Bg7 27. Rd1 Qf5 $44 {/=}) 23... Bf5 24. Rbd1 Nc3 25. Rxc3
Bxc3 26. Nd5 $44) 21... Nxe4 22. Bxg7 Kxg7 23. Nxb4 Bf5 24. Rbd1 Ng5 (24... b5
$143 25. cxb5 axb5 (25... Nc3 26. Nxa6 $16) 26. Rc1 Qd7 27. a5 Ng5 28. Rd5 $36)
25. Rxd6 Nxh3+ 26. Kh2 (26. Bxh3 Bxh3 27. Qd3 Qf5 28. Qd4+ Qe5 $11) 26... Qc5
$1 (26... Ng5 $143 $6 27. Nd5 $36 {/\} Ne4 (27... Bc2 28. Rd2 Bxb3 29. Nb6 Qf5
30. Qa1+ Kh7 31. Qa3 $18) 28. Bxe4 Bxe4 29. Nf6 Re6 30. Nd7 $1 $40) 27. Bxh3 (
27. Nxa6 bxa6 28. Bxh3 Bxh3 29. Kxh3 Rxb3 $11 30. Rxa6 $4 Qc8+ $19) 27... Bxh3
28. Kxh3 $8 (28. Qxh3 Re2 $1 $36) 28... Qxb4 29. Qd3 Qc5 30. Qf3 Qe5 31. R1d5 (
31. Rd7 $5 Re7 32. Kg2 b6 33. R1d6 $14) 31... Qe4 32. Qf6+ (32. Qxe4 Rxe4 33.
Rb6 Re7 34. c5 Rc8 35. b4 Rcc7 $11 {is only seemingly impressive, White can't
make any concrete progress.}) 32... Kg8 33. Kh2 Qe7 34. Qf4 Qe4 35. Qf6 (35.
Qxe4 Rxe4 36. Rd8+ Rxd8 37. Rxd8+ Kg7 38. Rd7 b5 39. cxb5 axb5 40. a5 Re2 $11)
35... Qe7 36. Qd4 Qe4 37. Qb6 $6 h4 $11 38. Rg5 Kg7 39. Qd4+ Qxd4 40. Rxd4 (40.
Rxd4 Re2 41. Kg2 h3+ 42. Kxh3 Rxf2 $11) 1/2-1/2

[Event "EU-ch 4th"]
[Site "Istanbul"]
[Date "2003.06.05"]
[Round "6"]
[White "Nikolic, Predrag"]
[Black "Stevic, Hrvoje"]
[Result "1-0"]
[WhiteElo "2643"]
[BlackElo "2550"]
[Annotator "Stohl,I"]
[PlyCount "75"]
[EventDate "2003.05.30"]
[EventType "swiss"]
[EventRounds "13"]
[EventCountry "TUR"]
[SourceTitle "CBM 096"]
[Source "ChessBase"]
[SourceDate "2003.09.25"]
[SourceVersion "1"]
[SourceVersionDate "2003.09.25"]
[SourceQuality "1"]

1. d4 Nf6 2. Nf3 g6 3. g3 Bg7 4. Bg2 O-O 5. O-O d6 6. c4 Nbd7 7. Nc3 e5 8. e4
a6 9. dxe5 $5 {[%mdl 32] This move is only seemingly harmless. As Black has
already played a6, the more or less necessary move c6 is connected with a
weakening of the <<, no matter if Black later plays b5 or no. White's strategy
of playing against Black's ׫ culminates with his transposition into an
endgame on move 19, followed by further and decisive simplification on move 27.
} (9. h3 b5 10. dxe5 {is the way Renet-Gallagher, which will later transpose
into our game, went.}) 9... dxe5 ({Simplification usually helps the defence,
therefore probably better is the rarely played} 9... Nxe5 $5 10. Nxe5 dxe5 11.
h3 (11. Bg5 c6 $11) (11. Qxd8 Rxd8 12. Bg5 {[%cal Rc3d5,Rf2f4] /\Nd5,f4} c6 13.
f4 Rd4 $132) 11... Be6 12. b3 c6 13. Be3 b5 14. cxb5 axb5 15. Qc2 Nd7 16. a4 b4
17. Nb1 Rc8 18. Rd1 Qe7 19. Nd2 f5 20. Nc4 f4 21. Bd2 Qc5 22. g4 h5 $132 {
Hausner,I-Vogt,L/Halle/1981/}) 10. Qc2 ({Quite often} 10. h3 {only transposes
after} b5 11. Be3 Bb7 12. Qc2 c6 13. Nd2 (13. c5 a5 $5 (13... Qc7 14. Rfd1 Rfd8
15. a4 Nf8 16. b4 $1 {()} Ne6 17. Rxd8+ Rxd8 18. axb5 axb5 19. Ra7 Ra8 20.
Rxa8+ Bxa8 21. Qa2 Bb7 22. Qa7 Nd7 23. Ne2 Qb8 24. Qa2 Qa8 25. Qd2 Nf6 26. Ng5
Nf8 27. Qd3 Bc8 28. Kh2 Bd7 29. Nf3 Ne8 30. Bd2 Be6 31. Bc3 $14 {Nikolic,
P-Gallagher,J/BL 0001/2001/}) 14. a3 a4 15. Ne1 Qe7 16. Nd3 Ne8 17. f4 Nc7 18.
f5 Rad8 19. g4 Na6 20. Na2 Bf6 21. Kh1 Bg5 22. Bg1 f6 23. Rad1 Rfe8 24. Nab4
Ndb8 25. Qf2 Rf8 26. h4 Bh6 $13 {Nikolic,P-Polgar,J/Monte Carlo act/1996/})
13... Qc7 14. b4 a5 $5 15. a3 axb4 16. axb4 bxc4 17. Nxc4 Ba6 18. Na4 Rfb8 19.
Rfc1 Bb5 20. Na5 Qd6 21. Nc3 Ba6 22. Qa4 Rc8 {Dizdar,G-Tratar,M/Zadar/1999/}
23. Rd1 $14) 10... c6 (10... b5 $2 11. Rd1 $1 {[%cal Rc4b5,Rf3e5] /\Ne5,cb5} b4
12. Nd5 Rb8 13. Bd2 a5 14. Qa4 $16 Nxe4 15. Qxa5 Nd6 16. Rac1 e4 17. Bg5 f6 18.
Nd4 Ne5 19. Bf4 Ndxc4 20. Qc5 Rf7 21. Rxc4 Bf8 22. Nxf6+ {1-0,Cvitan,O-Lyrberg,
P/Linares op/1996/}) 11. h3 Qe7 {This is not an ideal square for the Q, as
Black may need to activate his Bg7 via f8.} (11... b5 12. Be3 Re8 13. Rfd1 Qc7
$5 14. c5 (14. a3 $142 $14) 14... Bf8 15. Ne2 a5 16. a3 Nb8 17. Nc1 Nh5 18. Nd3
Nd7 19. g4 Ng7 20. b4 Ne6 $13 21. a4 Ba6 $1 22. axb5 Bxb5 23. bxa5 Bxd3 24.
Rxd3 Ndxc5 25. Rda3 Na6 26. Ra4 Bc5 $132 {Buturin,V-Cabrilo,G/Lvov/1981/}) 12.
Be3 b5 (12... Nc5 13. b4 Ne6 14. c5 Nh5 15. Na4 f5 16. Nb6 Rb8 17. Bd2 Nd4 18.
Nxc8 Rbxc8 19. Nxd4 exd4 20. exf5 gxf5 21. Qc4+ Qf7 22. Qxf7+ Kxf7 23. Rfe1 $16
{Richter,C-Polzin,R/BL 0203/2003/}) 13. Rfd1 (13. a3 Bb7 14. b4 Rfc8 15. c5 a5
16. Rfd1 Ne8 17. Bg5 Qe6 18. Qd2 Nf8 19. bxa5 Qc4 20. Be7 Qe6 21. Bg5 Rxa5 22.
Nd5 Rca8 23. Nb6 R8a7 24. Qb4 R5a6 25. Bf1 Bf6 26. Be3 Be7 27. Qb2 f6 28. a4
Nc7 29. Nd2 $36 {Vasilev,M-Jobava,B/Kocaeli/2002/}) (13. Nd2 Rd8 $5 {[%csl Rd4]
[%cal Yd7f8,Yf8e6] /\Nf8-e6,<=>><d4}) 13... Bb7 14. Nd2 Rfc8 15. a3 a5 $5 {
Black doesn't want to lose ground on the <<.} (15... Nc5 $6 16. b4 Ne6 17. Nb3
bxc4 18. Nc5 a5 19. N3a4 axb4 20. axb4 Nxc5 21. Nxc5 Rd8 22. Rxd8+ Qxd8 23. Ra5
Qc8 24. Qa2 Rb8 25. Qxc4 $16 {Renet,O-Gallagher,J/FRA-chT/2003/}) 16. Rac1 (16.
Ne2 Bf8 (16... Nc5 $5) 17. Rac1 Ne8 18. h4 Nc7 19. Bh3 Ne6 20. Nf3 c5 21. Bxe6
Qxe6 22. cxb5 Nf6 23. Ng5 Qe8 24. Nc3 h6 25. Nh3 Qe6 26. Kg2 Ng4 27. Qd2 Qc4
28. f3 Rd8 29. Qe1 $14 {Murugan,K-Sasikiran,K/IND-ch Mumbai/2000/}) (16. cxb5
cxb5 17. Qb3 b4 18. axb4 axb4 19. Rxa8 Bxa8 $132) 16... Ba6 (16... b4 17. Na4
c5 (17... bxa3 18. bxa3 Qxa3 19. c5 Ba6 20. Bf1 $1 $18 {[%csl Ra3] ףa3}) 18.
Nb3 Bf8 19. Rd2 Qe6 20. Rcd1 Qc6 21. Nc1 $14) 17. Bf1 (17. cxb5 cxb5 18. Bf1
Qf8 $1 {[%cal Rb5b4] /\b4} (18... b4 $2 19. Bxa6 Rxa6 20. Nd5 $18) 19. Qb3 a4
20. Qa2 (20. Qb4 Qxb4 21. axb4 Bf8 $11) 20... Bh6 $132) 17... Qe6 (17... b4 18.
Na4 c5 19. Nb3 Bb7 20. f3 $14) (17... Qf8 $142 $5) 18. cxb5 cxb5 19. Qb3 $1 $36
(19. b4 Bf8 $132) 19... Qxb3 (19... b4 20. Qxe6 fxe6 21. Bxa6 Rxa6 22. Nb5 Rac6
23. Rxc6 Rxc6 24. axb4 axb4 25. b3 {[%cal Rd2c4] /\Nc4+/-}) 20. Nxb3 b4 (20...
a4 21. Nd2 Rcb8 (21... Rab8 $2 22. Nxa4 $1 Rxc1 23. Rxc1 bxa4 24. Bxa6 Rxb2 25.
Rc4 $16) 22. Na2 {[%cal Ra2b4] /\Nb4|^}) 21. axb4 (21. Bxa6 $5 Rxa6 22. axb4
axb4 23. Nd5 $36) 21... Bxf1 22. Kxf1 axb4 23. Nd5 {[%csl Rb4] ><b4} Rxc1 24.
Bxc1 Nxd5 $2 (24... Nxe4 $4 25. Ne7+ $18) (24... Bf8 $142 25. f3 $14 {/+/-})
25. Rxd5 Ra7 (25... Nf8 26. Rb5 Ra4 27. Kg2 $1 {[%cal Rb3c5] /\Nc5} Ne6 28.
Rb8+ Bf8 29. Bh6 $18) (25... Nf6 26. Rxe5 Rc8 27. Rc5 Rxc5 28. Nxc5 Bf8 29. Bg5
$18) 26. Be3 Rc7 27. Nc5 $1 $18 {Now White simply exchanges off everything and
wins the ><b4.} Nxc5 (27... Nf8 28. Bd2 b3 29. Bc3 $18) 28. Rxc5 Rxc5 $8 29.
Bxc5 b3 (29... Bf8 30. Bxf8 Kxf8 31. Ke2 Ke7 32. Kd3 Kd6 33. Kc4 $18) 30. Ke2
f5 31. f3 h5 (31... Bh6 32. Kd3 Bc1 33. Kc3 $18) 32. Kd3 Kf7 33. Kc4 Bh6 34.
Kxb3 Bd2 35. Kc4 Be1 36. g4 Kf6 (36... hxg4 37. hxg4 fxg4 38. fxg4 Kf6 39. Be3
$18) 37. gxf5 gxf5 38. Be3 $1 {Black's K is getting nowhere, while White's
o^b2 will decide the game.} (38. Be3 f4 39. Bc5 Kg5 40. Be7+ $18) 1-0